000 00771nam a22002295i 4500
001 54147
003 ES-MaACL
005 20230906162913.0
007 t|
008 960711s1896 gw ||||1| ger d
040 _aCAM
_bspa
_cCAM
100 1 _aFichte, Johann Gottlieb (
_d1762-1814)
_950677
245 1 0 _aReden an die deutsche Nation /
_cJ. G. Fichtes; mit Fichtes Biographie ... von Theodor Vogt.
250 _a2. Aufl.
260 _aLanagensalza :
_bverlag von Hermann Beyer & Söhne,
_c1896.
300 _a[8], 288 p. ;
_c21 cm.
490 1 _aBibliothek pèadagogischer klassiker ;
_v20 av.
700 1 _aVogt, Theodor.
_9115666
830 0 _aBibliothek pèadagogischer klassiker ;
_v20 av.
_9182509
852 _aES-MaACL
_jG-15175
999 _c54147
_d54147